[Event "EIBCC 2019"]
[Site "Tallinn"]
[Date "2019.12.07"]
[Round "12.35"]
[White "Gretarsson, Helgi Ass"]
[Black "Medar, Marti"]
[Result "0-1"]
[WhiteElo "2523"]
[BlackElo "2218"]
[Annotator "ChessBase"]
[PlyCount "24"]
[EventDate "2019.12.06"]
[EventType "swiss"]
[EventCountry "EST"]
[SourceTitle "playchess.com"]
[Source "ChessBase"]
[SourceQuality "1"]

1. d4 g6 2. Bf4 Bg7 3. Nf3 d6 4. c3 Nd7 5. e3 e5 6. dxe5 dxe5 7. Bg3 Ne7 8. e4 O-O 9. Bc4 b6 10. Qe2 Bb7 11. O-O Nc8 12. a4 Nd6 0-1

[Event "EIBCC 2019"]
[Site "Tallinn"]
[Date "2019.12.07"]
[Round "12.36"]
[White "Potapov, Pavel"]
[Black "Semjonovs, Ilja"]
[Result "1-0"]
[WhiteElo "2464"]
[BlackElo "2207"]
[Annotator "ChessBase"]
[PlyCount "34"]
[EventDate "2019.12.06"]
[EventType "swiss"]
[EventCountry "EST"]
[SourceTitle "playchess.com"]
[Source "ChessBase"]
[SourceQuality "1"]

1. d4 f5 2. Bg5 g6 3. Nf3 Bg7 4. e3 Nh6 5. Bxh6 Bxh6 6. Bd3 d6 7. c3 Bg7 8. h4 e5 9. dxe5 dxe5 10. e4 fxe4 11. Bxe4 Qxd1+ 12. Kxd1 Nd7 13. Nbd2 Nc5 14. h5 Nxe4 15. Nxe4 Bf5 16. Nfd2 O-O-O 17. hxg6 Bxe4 1-0

[Event "EIBCC 2019"]
[Site "Tallinn"]
[Date "2019.12.07"]
[Round "13.1"]
[White "Morozevich, Alexander"]
[Black "Sargissian, Gabriel"]
[Result "0-1"]
[WhiteElo "2712"]
[BlackElo "2676"]
[Annotator "TA"]
[PlyCount "84"]
[EventDate "2019.12.06"]
[EventType "swiss"]
[EventCountry "EST"]
[SourceTitle "playchess.com"]
[Source "ChessBase"]
[SourceQuality "1"]

1. e4 e5 2. Nf3 Nc6 3. Bb5 a6 4. Ba4 Nf6 5. d3 b5 6. Bb3 Be7 7. g4 d6 8. g5 Nd7 9. Bd5 Bb7 10. Be3 Qc8 11. Nc3 Nb6 12. Bxb6 cxb6 13. Rg1 b4 14. Ne2 Nd8 15. Bxb7 Qxb7 16. Qd2 a5 17. O-O-O Ne6 18. Kb1 O-O 19. h4 Rfc8 20. h5 Rc7 21. Nh4 Rac8 22. Rc1 d5 23. f3 a4 24. Nf5 Bf8 25. g6 fxg6 26. hxg6 h6 27. Ne3 Rd7 28. Nxd5 Rxd5 29. exd5 Qxd5 30. f4 a3 31. bxa3 bxa3 32. c4 Qc5 33. fxe5 Qxe5 34. d4 Qd6 35. d5 Ng5 36. Qd3 Re8 37. Nd4 Ne4 38. Ka1 Qf6 39. Rcf1 Nf2 40. Rxf2 Qxf2 41. Rb1 Be7 42. Rf1 Qb2# 0-1

[Event "EIBCC 2019"]
[Site "Tallinn"]
[Date "2019.12.07"]
[Round "13.2"]
[White "Andriasian, Zaven"]
[Black "Guseinov, Gadir"]
[Result "1/2-1/2"]
[WhiteElo "2766"]
[BlackElo "2593"]
[Annotator "TA"]
[PlyCount "116"]
[EventDate "2019.12.06"]
[EventType "swiss"]
[EventCountry "EST"]
[SourceTitle "playchess.com"]
[Source "ChessBase"]
[SourceQuality "1"]

1. e4 c5 2. Nc3 g6 3. g3 Bg7 4. Bg2 Nc6 5. d3 d6 6. Be3 e6 7. h4 h6 8. Nge2 Nge7 9. d4 cxd4 10. Nxd4 a6 11. Qd2 Ne5 12. Qe2 Qc7 13. Rd1 O-O 14. a4 Qc4 15. O-O Qxe2 16. Ndxe2 N7c6 17. b3 Nb4 18. Rxd6 Nxc2 19. Bf4 Nb4 20. Rfd1 Nbc6 21. Be3 Re8 22. Bb6 Bf8 23. R6d2 Bb4 24. f4 Ng4 25. e5 Ba5 26. Bxa5 Nxa5 27. Rd8 Kf8 28. Bf3 Ne3 29. R1d3 Nc2 30. Ne4 Nc6 31. Rxe8+ Kxe8 32. Kf2 Ke7 33. Nf6 N2b4 34. Rd2 h5 35. Nc3 Rb8 36. Nce4 b5 37. axb5 axb5 38. Nd6 Na5 39. Be4 Nbc6 40. Ra2 b4 41. Bxc6 Nxc6 42. Ke3 Bd7 43. Nxd7 Kxd7 44. Nxf7 Rb5 45. Rd2+ Ke7 46. Ng5 Rc5 47. Ne4 Rc1 48. Nf6 Na5 49. Rd7+ Kf8 50. Rd8+ Ke7 51. Re8+ Kf7 52. Rb8 Rc3+ 53. Kf2 Rxb3 54. Rb5 Nc6 55. Rb6 Nd4 56. Rb7+ Kf8 57. Nh7+ Ke8 58. Nf6+ Kf8 1/2-1/2

[Event "EIBCC 2019"]
[Site "Tallinn"]
[Date "2019.12.07"]
[Round "13.3"]
[White "Mamedov, Rauf"]
[Black "Esipenko, Andrey"]
[Result "1-0"]
[WhiteElo "2670"]
[BlackElo "2582"]
[Annotator "ChessBase"]
[PlyCount "99"]
[EventDate "2019.12.06"]
[EventType "swiss"]
[EventCountry "EST"]
[SourceTitle "playchess.com"]
[Source "ChessBase"]
[SourceQuality "1"]

1. e4 e5 2. Nf3 Nc6 3. Bb5 a6 4. Ba4 Nf6 5. Nc3 Be7 6. O-O b5 7. Bb3 d6 8. a4 b4 9. Nd5 Rb8 10. d4 O-O 11. dxe5 dxe5 12. Nxf6+ Bxf6 13. Be3 Na5 14. Qe2 Qe7 15. Rfd1 Bb7 16. Bd5 c6 17. Ba2 Bc8 18. Ne1 b3 19. cxb3 Nxb3 20. Bxb3 Rxb3 21. Nd3 Re8 22. Nc5 Rb4 23. Rac1 a5 24. b3 h6 25. Bd2 Rd4 26. Bxa5 Bg5 27. Rc2 Qa7 28. b4 Be7 29. h3 Qb8 30. Rcc1 Qa7 31. Nb3 Rxd1+ 32. Qxd1 Bg5 33. Rxc6 Qa8 34. Rc7 Qxe4 35. Nc5 Qa8 36. Qb3 Rf8 37. Nd7 Bxd7 38. Rxd7 Qe4 39. Qd3 Qe1+ 40. Qf1 Qc3 41. Rd3 Qc2 42. Qd1 Qa2 43. Bb6 Qc4 44. Bc5 e4 45. Rd4 Qe6 46. Bxf8 e3 47. fxe3 Bxe3+ 48. Kh1 Bxd4 49. Qxd4 Qe1+ 50. Kh2 1-0

[Event "EIBCC 2019"]
[Site "Tallinn"]
[Date "2019.12.07"]
[Round "13.4"]
[White "Lintchevski, Daniil"]
[Black "Demidov, Mikhail"]
[Result "1/2-1/2"]
[WhiteElo "2553"]
[BlackElo "2631"]
[Annotator "ChessBase"]
[PlyCount "80"]
[EventDate "2019.12.06"]
[EventType "swiss"]
[EventCountry "EST"]
[SourceTitle "playchess.com"]
[Source "ChessBase"]
[SourceQuality "1"]

1. e4 e6 2. d4 d5 3. Nd2 dxe4 4. Nxe4 Bd7 5. Nf3 Bc6 6. Neg5 Nd7 7. Bd3 h6 8. Ne4 Bxe4 9. Bxe4 c6 10. c3 Ngf6 11. Bc2 g6 12. O-O Bg7 13. Qe2 O-O 14. h3 Nd5 15. Bd2 Qc7 16. Rad1 Rfe8 17. Bc1 e5 18. dxe5 Nxe5 19. Nxe5 Bxe5 20. Qf3 Bh2+ 21. Kh1 Bf4 22. Bb3 Bxc1 23. Rxc1 Nf4 24. Rcd1 Rad8 25. h4 Kg7 26. g3 Nh5 27. Kg2 Nf6 28. Rxd8 Rxd8 29. Rd1 Rxd1 30. Bxd1 Qe5 31. Bb3 h5 32. Qd3 Qc5 33. Qc4 Qe7 34. Qd4 b6 35. Qf4 c5 36. Bc4 Ng4 37. Bd5 Nf6 38. Bc4 Ng4 39. Bd5 Nf6 40. Bc4 Ng4 1/2-1/2

[Event "EIBCC 2019"]
[Site "Tallinn"]
[Date "2019.12.07"]
[Round "13.5"]
[White "Stupak, Kirill"]
[Black "Lysyj, Igor"]
[Result "1/2-1/2"]
[WhiteElo "2459"]
[BlackElo "2600"]
[Annotator "ChessBase"]
[PlyCount "81"]
[EventDate "2019.12.06"]
[EventType "swiss"]
[EventCountry "EST"]
[SourceTitle "playchess.com"]
[Source "ChessBase"]
[SourceQuality "1"]

1. d4 d5 2. Nf3 Nf6 3. g3 e6 4. Bg2 Be7 5. O-O O-O 6. c4 Nbd7 7. Qc2 c6 8. Rd1 b6 9. Nc3 Ba6 10. Ne5 Nxe5 11. dxe5 Ng4 12. cxd5 exd5 13. Qa4 Qc8 14. Bh3 h5 15. f3 b5 16. Qb3 b4 17. Na4 Bxe2 18. Re1 Bb5 19. fxg4 hxg4 20. Bf1 Qa6 21. Bxb5 cxb5 22. Qd3 Qxa4 23. Be3 Rac8 24. Re2 Qa6 25. Qxd5 Rfd8 26. Qe4 Rc4 27. Qf5 Qe6 28. Qxe6 fxe6 29. Bxa7 Ra8 30. Bf2 b3 31. a3 Rc2 32. Rxc2 bxc2 33. Rc1 Rc8 34. Be3 b4 35. axb4 Bxb4 36. Kf2 Bc5 37. Ke2 Bxe3 38. Kxe3 Kf7 39. Kd3 Rc5 40. Kd4 Rd5+ 41. Ke4 1/2-1/2

[Event "EIBCC 2019"]
[Site "Tallinn"]
[Date "2019.12.07"]
[Round "13.6"]
[White "Schneider, Ilja"]
[Black "Popov, Valerij"]
[Result "0-1"]
[WhiteElo "2483"]
[BlackElo "2547"]
[Annotator "ChessBase"]
[PlyCount "88"]
[EventDate "2019.12.06"]
[EventType "swiss"]
[EventCountry "EST"]
[SourceTitle "playchess.com"]
[Source "ChessBase"]
[SourceQuality "1"]

1. d4 d5 2. c4 e6 3. Nf3 Nf6 4. g3 dxc4 5. Bg2 a6 6. Ne5 Bb4+ 7. Bd2 Qxd4 8. Bxb4 Qxe5 9. Na3 Nc6 10. Bc3 Qc5 11. Qa4 Bd7 12. Qxc4 Qxc4 13. Nxc4 O-O-O 14. O-O-O Ng4 15. Rdf1 f6 16. h3 Nh6 17. g4 e5 18. f4 Be6 19. Bxc6 Bxc4 20. g5 bxc6 21. gxh6 gxh6 22. fxe5 fxe5 23. b3 Bxe2 24. Re1 Bf3 25. Rhf1 Rd3 26. Bxe5 Rhd8 27. Bf4 h5 28. Re7 R8d7 29. Rxd7 Kxd7 30. h4 Bg4 31. Kc2 Rh3 32. Bg5 Rh2+ 33. Kc3 Be6 34. Rf6 Rxa2 35. Rh6 Ra3 36. Rxh7+ Kc8 37. Bf4 Rxb3+ 38. Kc2 Rb7 39. Rxh5 Rb4 40. Be5 Re4 41. Kd3 Re1 42. Bf4 Kb7 43. Kd2 Re4 44. Kd3 Rxf4 0-1

[Event "EIBCC 2019"]
[Site "Tallinn"]
[Date "2019.12.07"]
[Round "13.7"]
[White "Turov, Maxim"]
[Black "Ladva, Ottomar"]
[Result "1-0"]
[WhiteElo "2535"]
[BlackElo "2457"]
[Annotator "ChessBase"]
[PlyCount "51"]
[EventDate "2019.12.06"]
[EventType "swiss"]
[EventCountry "EST"]
[SourceTitle "playchess.com"]
[Source "ChessBase"]
[SourceQuality "1"]

1. d4 d5 2. c4 e6 3. Nc3 Nf6 4. cxd5 Nxd5 5. e4 Nxc3 6. bxc3 c5 7. a3 g6 8. Nf3 Bg7 9. Be3 Nc6 10. Be2 Qa5 11. O-O Qxc3 12. Rc1 Qxa3 13. d5 Nd4 14. Nxd4 cxd4 15. Bb5+ Bd7 16. Bxd7+ Kxd7 17. Bxd4 Bxd4 18. Qxd4 Rhc8 19. Rcd1 e5 20. Qxe5 Qc3 21. Qf4 f6 22. Qg4+ Kd6 23. Qe6+ Kc5 24. Rc1 Kb4 25. Rxc3 Rxc3 26. Qe7+ 1-0

[Event "EIBCC 2019"]
[Site "Tallinn"]
[Date "2019.12.07"]
[Round "13.8"]
[White "Usmanov, Vasily"]
[Black "Belyakov, Bogdan"]
[Result "1-0"]
[WhiteElo "2495"]
[BlackElo "2431"]
[Annotator "ChessBase"]
[PlyCount "145"]
[EventDate "2019.12.06"]
[EventType "swiss"]
[EventCountry "EST"]
[SourceTitle "playchess.com"]
[Source "ChessBase"]
[SourceQuality "1"]

1. d4 g6 2. g3 Bg7 3. Bg2 c5 4. d5 Nf6 5. Nc3 O-O 6. e4 d6 7. Nge2 Na6 8. O-O Nc7 9. a4 b6 10. h3 Rb8 11. g4 a6 12. Ng3 b5 13. axb5 axb5 14. Re1 e5 15. Bg5 h6 16. Be3 Nd7 17. Qd2 Kh7 18. b4 cxb4 19. Na2 Na6 20. Nxb4 Nxb4 21. Qxb4 Nb6 22. Bf1 Na8 23. c4 Bf6 24. cxb5 Bg5 25. Bxg5 hxg5 26. Ra7 Kg7 27. Rc1 Bb7 28. Rc6 Bxc6 29. dxc6 Qb6 30. Qa5 Qxa5 31. Rxa5 Nc7 32. Bc4 Ra8 33. Rxa8 Nxa8 34. Nf1 Nb6 35. Bd5 Ra8 36. Ne3 Ra1+ 37. Kg2 Rb1 38. Nc4 Nc8 39. b6 Nxb6 40. Nxb6 Rc1 41. Nc8 Kf6 42. Nxd6 Ke7 43. Nxf7 Kf6 44. Nd6 Ke7 45. Nc4 Kd8 46. Nxe5 Kc7 47. Nxg6 Kd6 48. Nh8 Ke5 49. Kg3 Rc3+ 50. f3 Kd4 51. Nf7 Ke3 52. Nxg5 Kd4 53. Kf4 Kc5 54. h4 Kd6 55. h5 Ke7 56. h6 Kf6 57. h7 Kg7 58. Ke5 Rc1 59. f4 Rc5 60. f5 Kh8 61. Kd6 Rc1 62. Bg8 Kg7 63. f6+ Kg6 64. Bd5 Rh1 65. c7 Kxg5 66. c8=Q Rxh7 67. Qf5+ Kh6 68. Qxh7+ Kxh7 69. f7 Kg7 70. Ke7 Kh8 71. f8=Q+ Kh7 72. Qf7+ Kh8 73. Qg8# 1-0

[Event "EIBCC 2019"]
[Site "Tallinn"]
[Date "2019.12.07"]
[Round "13.9"]
[White "Galopoulos, Nikolaos"]
[Black "Postny, Evgeny"]
[Result "1-0"]
[WhiteElo "2429"]
[BlackElo "2661"]
[Annotator "ChessBase"]
[PlyCount "71"]
[EventDate "2019.12.06"]
[EventType "swiss"]
[EventCountry "EST"]
[SourceTitle "playchess.com"]
[Source "ChessBase"]
[SourceQuality "1"]

1. d4 d5 2. c4 c6 3. Nc3 Nf6 4. cxd5 cxd5 5. Bf4 Nc6 6. e3 a6 7. Rc1 Bg4 8. f3 Bd7 9. g4 e6 10. Bd3 Be7 11. Nge2 Rc8 12. h4 Qb6 13. Na4 Qa5+ 14. Kf2 Nb4 15. Rxc8+ Bxc8 16. Bb1 Bd7 17. Nac3 Nc6 18. Ng3 Qb6 19. b3 Bc8 20. g5 Nd7 21. Qd3 Qa5 22. Rc1 Ba3 23. Rd1 g6 24. e4 Nxd4 25. exd5 e5 26. Be3 Nc5 27. Qd2 Bb4 28. Rc1 Ncxb3 29. axb3 Nxb3 30. Qb2 Nxc1 31. Nce4 Qc7 32. Qxb4 a5 33. Qa3 h6 34. Bxc1 hxg5 35. Bxg5 Qb6+ 36. Kg2 1-0

[Event "EIBCC 2019"]
[Site "Tallinn"]
[Date "2019.12.07"]
[Round "13.10"]
[White "Riazantsev, Alexander"]
[Black "Aleksandrov, Aleksej"]
[Result "1-0"]
[WhiteElo "2635"]
[BlackElo "2416"]
[Annotator "ChessBase"]
[PlyCount "75"]
[EventDate "2019.12.06"]
[EventType "swiss"]
[EventCountry "EST"]
[SourceTitle "playchess.com"]
[Source "ChessBase"]
[SourceQuality "1"]

1. d4 Nf6 2. c4 e6 3. Nf3 d5 4. Bg5 dxc4 5. e4 Bb4+ 6. Nc3 c5 7. Bxc4 cxd4 8. Nxd4 Bxc3+ 9. bxc3 Qa5 10. Bb5+ Nbd7 11. Bxf6 gxf6 12. O-O a6 13. Be2 Qc7 14. Qd2 Nc5 15. Qe3 Bd7 16. f4 O-O-O 17. Bf3 e5 18. fxe5 fxe5 19. Nc2 Bb5 20. Be2 Bxe2 21. Qxe2 Nd3 22. Nb4 Qxc3 23. Nxd3 Qxd3 24. Rac1+ Kb8 25. Qxd3 Rxd3 26. Rxf7 Rd2 27. Rcc7 Rb2 28. h4 h5 29. a3 Rd8 30. Rce7 Rd1+ 31. Kh2 Rdd2 32. Rg7 Ra2 33. Rxe5 Rxa3 34. Rxh5 Re3 35. Re5 a5 36. h5 a4 37. h6 Rd6 38. Rh5 1-0

[Event "EIBCC 2019"]
[Site "Tallinn"]
[Date "2019.12.07"]
[Round "13.11"]
[White "Motylev, Alexander"]
[Black "Studer, Noel"]
[Result "1-0"]
[WhiteElo "2629"]
[BlackElo "2394"]
[Annotator "ChessBase"]
[PlyCount "91"]
[EventDate "2019.12.06"]
[EventType "swiss"]
[EventCountry "EST"]
[SourceTitle "playchess.com"]
[Source "ChessBase"]
[SourceQuality "1"]

1. e4 e6 2. d4 d5 3. Nc3 Bb4 4. e5 c5 5. a3 Bxc3+ 6. bxc3 Ne7 7. h4 Qc7 8. Rb1 b6 9. h5 h6 10. Qg4 cxd4 11. Qxg7 Rg8 12. Qxh6 Qxe5+ 13. Kd1 Nf5 14. Nf3 Qe4 15. Qf4 dxc3 16. h6 Rh8 17. Qc7 Bd7 18. Bg5 Nc6 19. h7 Nfd4 20. Bd3 Qg4 21. Qg3 Qxg3 22. fxg3 Nxf3 23. gxf3 f5 24. Bf6 Kf7 25. Bxh8 Rxh8 26. g4 Ne5 27. gxf5 exf5 28. Be2 Kg7 29. Rb3 d4 30. Rb4 Nc6 31. Rb5 Rxh7 32. Rxh7+ Kxh7 33. Rd5 Be8 34. Rxf5 Kg6 35. Bd3 Kg7 36. Be4 Na5 37. Rd5 Nc4 38. Rxd4 Nxa3 39. Rd8 Ba4 40. Ra8 a5 41. Rc8 Nb5 42. Rb8 Nd4 43. Rxb6 Be8 44. Rd6 Nb5 45. Rd8 Nc7 46. Rc8 1-0

[Event "EIBCC 2019"]
[Site "Tallinn"]
[Date "2019.12.07"]
[Round "13.12"]
[White "Babula, Vlastimil"]
[Black "Lobanov, Sergei"]
[Result "1/2-1/2"]
[WhiteElo "2605"]
[BlackElo "2394"]
[Annotator "ChessBase"]
[PlyCount "87"]
[EventDate "2019.12.06"]
[EventType "swiss"]
[EventCountry "EST"]
[SourceTitle "playchess.com"]
[Source "ChessBase"]
[SourceQuality "1"]

1. d4 Nf6 2. c4 e6 3. Nf3 b6 4. g3 Ba6 5. Qa4 c5 6. Bg2 Bb7 7. dxc5 bxc5 8. O-O Be7 9. Nc3 O-O 10. Rd1 Qb6 11. Bf4 Bc6 12. Qb3 Na6 13. Ne5 Bxg2 14. Kxg2 Rfd8 15. Rd2 Qxb3 16. axb3 Nb4 17. Nd3 a6 18. e4 d6 19. f3 Kf8 20. Nxb4 cxb4 21. Na4 Rac8 22. Rad1 Rc6 23. e5 dxe5 24. Bxe5 Rxd2+ 25. Rxd2 Ke8 26. g4 g6 27. Kg3 Nd7 28. Bf4 Nc5 29. Nxc5 Bxc5 30. Be5 Ke7 31. g5 Ke8 32. f4 Rc8 33. Bf6 Be7 34. Kf3 Bc5 35. Ke4 Be7 36. h4 Bxf6 37. gxf6 Rc6 38. Rd1 Rc5 39. Rd6 a5 40. Ra6 Rf5 41. Ra8+ Kd7 42. Ra7+ Ke8 43. Ra8+ Kd7 44. Ra7+ 1/2-1/2

[Event "EIBCC 2019"]
[Site "Tallinn"]
[Date "2019.12.07"]
[Round "13.13"]
[White "Mustaps, Matiss"]
[Black "Yuffa, Daniil"]
[Result "0-1"]
[WhiteElo "2361"]
[BlackElo "2582"]
[Annotator "ChessBase"]
[PlyCount "75"]
[EventDate "2019.12.06"]
[EventType "swiss"]
[EventCountry "EST"]
[SourceTitle "playchess.com"]
[Source "ChessBase"]
[SourceQuality "1"]

1. e4 c6 2. d4 d5 3. Nc3 dxe4 4. Nxe4 Bf5 5. Ng3 Bg6 6. Bc4 e6 7. N1e2 Bd6 8. Nf4 Nf6 9. h4 Bxf4 10. Bxf4 h6 11. h5 Bh7 12. Qd2 Nbd7 13. O-O-O Nd5 14. Rhe1 N7b6 15. Bb3 a5 16. Ne4 Bxe4 17. Rxe4 a4 18. Bxd5 Qxd5 19. f3 Qxa2 20. Qb4 Nc4 21. c3 a3 22. Kc2 axb2 23. Kd3 b5 24. Ree1 Qa3 25. Rb1 Qxb4 26. cxb4 Ra3+ 27. Kc2 Kd7 28. Bd2 Nxd2 29. Kxd2 Rb3 30. Re4 f5 31. Re3 Rxb4 32. Ra3 Rxd4+ 33. Ke3 Rb4 34. Ra7+ Kd6 35. Rxg7 Ra8 36. g4 Ra1 37. Rxb2 Rxb2 38. Kd4 0-1

[Event "EIBCC 2019"]
[Site "Tallinn"]
[Date "2019.12.07"]
[Round "13.14"]
[White "Litwak, Aleksej"]
[Black "Saric, Ante"]
[Result "0-1"]
[WhiteElo "2284"]
[BlackElo "2577"]
[Annotator "ChessBase"]
[PlyCount "58"]
[EventDate "2019.12.06"]
[EventType "swiss"]
[EventCountry "EST"]
[SourceTitle "playchess.com"]
[Source "ChessBase"]
[SourceQuality "1"]

1. e4 d5 2. exd5 Nf6 3. Nf3 Bg4 4. Be2 Nxd5 5. d4 e6 6. c4 Nb6 7. Nc3 Nc6 8. d5 exd5 9. cxd5 Bxf3 10. Bxf3 Ne5 11. O-O Bd6 12. Ne4 O-O 13. Nxd6 Qxd6 14. Bf4 Nxf3+ 15. Qxf3 Qxd5 16. Bxc7 Qxf3 17. gxf3 Nd5 18. Be5 f6 19. Bd4 Rfd8 20. Rfd1 a6 21. Rac1 Rac8 22. Rxc8 Rxc8 23. Kf1 Kf7 24. Ke1 Ke6 25. Kd2 Kf5 26. Rg1 g6 27. Re1 Rd8 28. Kc1 Nf4 29. Bb6 Rd6 0-1

[Event "EIBCC 2019"]
[Site "Tallinn"]
[Date "2019.12.07"]
[Round "13.15"]
[White "Nazaretyan, Tigran"]
[Black "Sanal, Vahap"]
[Result "0-1"]
[WhiteElo "2277"]
[BlackElo "2563"]
[Annotator "ChessBase"]
[PlyCount "71"]
[EventDate "2019.12.06"]
[EventType "swiss"]
[EventCountry "EST"]
[SourceTitle "playchess.com"]
[Source "ChessBase"]
[SourceQuality "1"]

1. d4 g6 2. c4 Bg7 3. Nf3 d6 4. Nc3 Nd7 5. e4 e5 6. Be2 Ne7 7. O-O O-O 8. Be3 f5 9. dxe5 dxe5 10. c5 f4 11. Bc4+ Kh8 12. Ng5 fxe3 13. Nf7+ Rxf7 14. Bxf7 exf2+ 15. Rxf2 Nc6 16. Qd2 Nd4 17. b4 a5 18. bxa5 Nxc5 19. Raf1 c6 20. Qd1 Qxa5 21. Ne2 Bg4 22. Qe1 Qxe1 23. Rxe1 Nxe2+ 24. Rfxe2 Bxe2 25. Rxe2 Bf8 26. g3 Kg7 27. Bc4 b5 28. Bb3 Nxb3 29. axb3 Bc5+ 30. Kg2 Bd4 31. Kh3 c5 32. Kg4 c4 33. bxc4 bxc4 34. h4 h5+ 35. Kg5 Ra2 36. g4 0-1

[Event "EIBCC 2019"]
[Site "Tallinn"]
[Date "2019.12.07"]
[Round "13.16"]
[White "Sebenik, Matej"]
[Black "Ortega Ruiz, Jose Miguel"]
[Result "1-0"]
[WhiteElo "2457"]
[BlackElo "2272"]
[Annotator "ChessBase"]
[PlyCount "113"]
[EventDate "2019.12.06"]
[EventType "swiss"]
[EventCountry "EST"]
[SourceTitle "playchess.com"]
[Source "ChessBase"]
[SourceQuality "1"]

1. Nf3 Nc6 2. d4 d5 3. g3 Bf5 4. Bg2 h6 5. O-O e6 6. c4 Nf6 7. Nc3 Bb4 8. Ne5 O-O 9. Nxc6 bxc6 10. a3 Bxc3 11. bxc3 Qd7 12. Qa4 Rfb8 13. Bf4 Rb2 14. cxd5 cxd5 15. Qxd7 Nxd7 16. Rfe1 c5 17. e4 dxe4 18. Bxe4 Bxe4 19. Rxe4 Nf6 20. Ree1 cxd4 21. cxd4 Rc8 22. Rec1 Rcc2 23. Rxc2 Rxc2 24. Rb1 Ra2 25. Rb8+ Kh7 26. Rb7 Rxa3 27. Rxf7 Kg6 28. Re7 Ra6 29. Be5 h5 30. h3 Kh6 31. Kg2 Kg6 32. Bb8 Ra4 33. Bxa7 Nd5 34. Rxe6+ Kf7 35. Re5 Nf4+ 36. gxf4 Rxa7 37. Rxh5 Rd7 38. d5 Ra7 39. Rf5+ Kg6 40. Re5 Kf6 41. Kg3 Ra3+ 42. Re3 Ra5 43. Rd3 Ra7 44. d6 Rd7 45. Kg4 Kg6 46. h4 Kf6 47. h5 Ke6 48. Kg5 Kf7 49. f5 Kf8 50. Kg6 Kg8 51. f4 Kf8 52. f6 gxf6 53. f5 Kg8 54. Ra3 Rd8 55. h6 Kh8 56. Rc3 Kg8 57. d7 1-0

[Event "EIBCC 2019"]
[Site "Tallinn"]
[Date "2019.12.07"]
[Round "13.17"]
[White "Siniauski, Artsiom"]
[Black "Kulaots, Kaido"]
[Result "0-1"]
[WhiteElo "2056"]
[BlackElo "2562"]
[Annotator "ChessBase"]
[PlyCount "114"]
[EventDate "2019.12.06"]
[EventType "swiss"]
[EventCountry "EST"]
[SourceTitle "playchess.com"]
[Source "ChessBase"]
[SourceQuality "1"]

1. e4 c5 2. Nf3 g6 3. d4 Bg7 4. dxc5 Qa5+ 5. Bd2 Qxc5 6. Bc3 Nf6 7. Bd3 O-O 8. O-O d6 9. Nbd2 Nc6 10. Qe2 Be6 11. e5 dxe5 12. Nxe5 Nd5 13. Nxc6 Nxc3 14. Nxe7+ Qxe7 15. bxc3 Bxc3 16. Rad1 Qc7 17. Bc4 Bf5 18. Bd3 Rfe8 19. Qf3 Be6 20. a4 Bxd2 21. Rxd2 b6 22. Bb5 Red8 23. Rfd1 Kg7 24. h3 Rxd2 25. Rxd2 Rc8 26. Qe4 Qc3 27. Qd4+ Qxd4 28. Rxd4 Rxc2 29. Rd8 h5 30. Ra8 Rc7 31. Kf1 Kf6 32. Ke2 Ke5 33. Ke3 Kd5 34. Rd8+ Kc5 35. Rd4 Re7 36. Kd3 Bd5 37. f3 Re1 38. Rf4 f5 39. h4 Kd6 40. g4 Ke5 41. Rb4 f4 42. gxh5 gxh5 43. Be8 Re3+ 44. Kd2 Bxf3 45. Rb5+ Kf6 46. Bxh5 Bxh5 47. Rxh5 Re4 48. a5 f3 49. Rh8 Kg7 50. Rc8 f2 51. Rc1 Rf4 52. Rf1 bxa5 53. Ke3 Rf8 54. Ke2 a4 55. h5 Kh6 56. Kd2 Kxh5 57. Ke2 Kg4 0-1

[Event "EIBCC 2019"]
[Site "Tallinn"]
[Date "2019.12.07"]
[Round "13.18"]
[White "Kukk, Sander"]
[Black "Ziska, Helgi Dam"]
[Result "0-1"]
[WhiteElo "2312"]
[BlackElo "2614"]
[Annotator "ChessBase"]
[PlyCount "124"]
[EventDate "2019.12.06"]
[EventType "swiss"]
[EventCountry "EST"]
[SourceTitle "playchess.com"]
[Source "ChessBase"]
[SourceQuality "1"]

1. b3 d6 2. Bb2 Nd7 3. e3 Ngf6 4. Nf3 g6 5. d4 Bg7 6. Be2 O-O 7. O-O e5 8. dxe5 Ng4 9. Nbd2 Ngxe5 10. Qc1 Re8 11. Re1 b6 12. Nxe5 dxe5 13. Bf3 Rb8 14. Rd1 Qe7 15. a4 Nf6 16. Bc6 Bd7 17. Bxd7 Nxd7 18. Nc4 Qe6 19. Qd2 Nc5 20. Qd5 Qf5 21. Qd2 h5 22. Qe2 h4 23. h3 a6 24. Rd5 Rbd8 25. Rad1 Rxd5 26. Rxd5 Qe6 27. Qd1 f6 28. Ba3 Bf8 29. Bxc5 Bxc5 30. Rd8 Kg7 31. Qd7+ Qxd7 32. Rxd7+ Re7 33. Rxe7+ Bxe7 34. Kf1 Kf7 35. Ke2 Ke6 36. e4 Bc5 37. f3 f5 38. Kd3 b5 39. axb5 axb5 40. Nd2 Kf6 41. Nb1 Kg5 42. Nc3 c6 43. Ne2 Kf6 44. Kc3 Bf2 45. Kd3 Be1 46. c4 Ke6 47. cxb5 cxb5 48. f4 Ba5 49. fxe5 Kxe5 50. exf5 gxf5 51. Nd4 Kf4 52. Ke2 Bb6 53. Nxb5 Kg3 54. Kf1 f4 55. Nd6 f3 56. Nf5+ Kh2 57. Nxh4 fxg2+ 58. Nxg2 Kxh3 59. Nf4+ Kg4 60. Nd5 Bd8 61. Ke2 Kf5 62. Kd3 Ke5 0-1

[Event "EIBCC 2019"]
[Site "Tallinn"]
[Date "2019.12.07"]
[Round "13.19"]
[White "Saveliev, Alexei"]
[Black "Ruck, Robert"]
[Result "1-0"]
[WhiteElo "2279"]
[BlackElo "2541"]
[Annotator "ChessBase"]
[PlyCount "48"]
[EventDate "2019.12.06"]
[EventType "swiss"]
[EventCountry "EST"]
[SourceTitle "playchess.com"]
[Source "ChessBase"]
[SourceQuality "1"]

1. e4 c6 2. d4 d5 3. exd5 cxd5 4. Bd3 Nc6 5. c3 Qc7 6. h3 Nf6 7. Nf3 g6 8. O-O Bf5 9. Be2 Bg7 10. Be3 O-O 11. Re1 Rab8 12. Nbd2 Rfd8 13. a3 Na5 14. Ne5 Nd7 15. Nxd7 Qxd7 16. Nf3 Qc7 17. Qa4 Rbc8 18. Ne5 a6 19. Bf4 b5 20. Qd1 Qb6 21. Bg4 Bxg4 22. Nxg4 Qb7 23. Qf3 Nc4 24. Re2 Re8 1-0

[Event "EIBCC 2019"]
[Site "Tallinn"]
[Date "2019.12.07"]
[Round "13.20"]
[White "Dragnev, Valentin"]
[Black "Shapiro, Viktor"]
[Result "0-1"]
[WhiteElo "2523"]
[BlackElo "2267"]
[Annotator "ChessBase"]
[PlyCount "114"]
[EventDate "2019.12.06"]
[EventType "swiss"]
[EventCountry "EST"]
[SourceTitle "playchess.com"]
[Source "ChessBase"]
[SourceQuality "1"]

1. e4 Nf6 2. Nc3 d5 3. exd5 Nxd5 4. Bc4 Nb6 5. Bb3 c5 6. d3 Nc6 7. Nge2 Bf5 8. O-O e6 9. Be3 Be7 10. Ng3 Bg6 11. Nce4 Nd7 12. Bf4 O-O 13. c3 Nf6 14. Qe2 Qd7 15. Rad1 Rfd8 16. Rfe1 Rac8 17. h4 h6 18. h5 Bh7 19. Qf3 Nd5 20. Bc1 b5 21. Bc2 Ne5 22. Qe2 Qc7 23. Bb1 Nd7 24. Qf3 N7f6 25. d4 cxd4 26. Rxd4 Nb6 27. Nxf6+ Bxf6 28. Bxh7+ Kxh7 29. Qd3+ Kg8 30. Rxd8+ Rxd8 31. Qxb5 Nc4 32. Ne4 Be7 33. Bf4 Qxf4 34. Qxc4 a5 35. Qe2 Rb8 36. Rd1 Bf8 37. g3 Qf5 38. Kg2 a4 39. Rd2 a3 40. b4 Qe5 41. f4 Qf5 42. Rd4 Rc8 43. Qf3 Qb5 44. Rd2 Qc4 45. Qe2 Qc6 46. Kh2 f5 47. Nc5 Bxc5 48. bxc5 Qxc5 49. Qxe6+ Kh8 50. Rc2 Rb8 51. Qe2 Qc6 52. c4 Re8 53. Qd3 Re1 54. Qd5 Qe8 55. Qg2 Qxh5+ 56. Qh3 Rh1+ 57. Kxh1 Qxh3+ 0-1